00343nam a2200121 a 45000010005000000030005000050050017000100080041000270400020000681000020000882450093001082600020002013368CDMR20130411170915.0130130s1973||||||||||||||||||||||||||||d aCDMRbcatcCDMR1 aMonegal, Ferran10aRevistas de teatro aparecidas en Barcelonab: de los orígenes a 1900cFernando Monegal aBarcelonac1973